Calciatori della Liga nel FIFA FIFPro World XI - Statistics

Statistiche generali
  • Questo quiz è stato fatto 10 volte
  • Il punteggio medio è 27 su 31
Statistiche sulle risposte
Numero apparizioni Edizioni apparizioni Nazione Squadra Calciatore % Corretto
9 2009; 2010; 2011; 2012: 2013; 2014; 2015; 2016; 2017 Spagna Barcellona Andrés Iniesta
100%
14 2009; 2010; 2011; 2012; 2013; 2014; 2015; 2016; 2017; 2018 Portogallo Real Madrid Cristiano Ronaldo
100%
15 2007; 2008; 2009; 2010; 2011; 2012; 2013; 2014; 2015; 2016; 2017; 2018; 2019; 2020; 2021 Argentina Barcellona Lionel Messi
100%
6 2015; 2016; 2017; 2018; 2019; 2022 Croazia Real Madrid Luka Modrić
100%
6 2012; 2015; 2016; 2017; 2018, 2019 Brasile Real Madrid Marcelo
100%
2 2005; 2006 Camerun Barcellona Samuel Eto'o
100%
11 2008; 2011; 2012; 2013; 2014; 2015; 2016; 2017; 2018; 2019; 2020 Spagna Real Madrid Sergio Ramos
100%
3 2014; 2016; 2017 Germania Real Madrid Toni Kroos
100%
6 2008; 2009; 2010; 2011; 2012; 2013 Spagna Barcellona Xavi
100%
6 2009; 2011; 2012: 2013; 2015; 2016 Brasile Barcellona Dani Alves
90%
1 2021 Austria Real Madrid David Alaba
90%
1 2019 Belgio Real Madrid Eden Hazard
90%
1 2019 Paesi Bassi Barcellona Frenkie de Jong
90%
1 2022 Francia Real Madrid Karim Benzema
90%
1 2016 Uruguay Barcellona Luis Suárez
90%
2 2015; 2017 Brasile Barcellona Neymar
90%
3 2005; 2006; 2007 Brasile Barcellona Ronaldinho
90%
1 2022 Belgio Real Madrid Thibaut Courtois
90%
3 2007, 2008, 2010 Spagna Barcellona Carles Puyol
80%
1 2022 Brasile Real Madrid Casemiro
80%
1 2010 Spagna Valencia / Barcellona David Villa
80%
2 2006; 2007 Italia Real Madrid Fabio Cannavaro
80%
1 2006 Italia Barcellona Gianluca Zambrotta
80%
5 2008; 2009; 2010; 2011; 2012 Spagna Real Madrid Iker Casillas
80%
1 2012 Colombia Atletico Madrid Radamel Falcao
80%
2 2005; 2006 Francia Real Madrid Zinedine Zidane
80%
1 2014 Argentina Real Madrid Ángel Di María
70%
4 2010; 2011; 2012; 2016 Spagna Barcellona Gerard Piqué
70%
1 2018 Francia Real Madrid Raphaël Varane
70%
2 2011; 2012 Spagna Real Madrid Xabi Alonso
60%
1 2006 Francia Barcellona Lilian Thuram
30%
Nessun quiz corrispondente trovato
Distribuzione punteggi
Percentuale di utenti per punteggio
Percentile per numero di risposta
I tuoi punteggi nel tempo
Non hai fatto questo quiz